| 000 | 00590nam a22001817a 4500 | ||
|---|---|---|---|
| 999 |
_c180174 _d180174 |
||
| 005 | 20210727171839.0 | ||
| 010 | _aB-740657 | ||
| 020 |
_a9788129112026 _c295.00 |
||
| 035 | _aB-740657 | ||
| 037 | _bGift | ||
| 082 | _a307.1216095456 | ||
| 245 |
_aMaster plan for Delhi: _bwith the perspective for the year 2021 |
||
| 260 |
_aNew Delhi _bRupa _c2007 |
||
| 270 |
_a7/16, Ansari Road, Daryaganj _bNew Delhi _e110002 |
||
| 300 |
_axviii, 356p.: _c24cm(pbk) _bill. |
||
| 942 |
_2ddc _cRF _h307.1216095456 _mMAS |
||